Hodnotenie konkurencieschopnosti vybraných štátov EÚ bakalárska práca

Saved in:
Bibliographic Details
Main Author: Korošíková, Oľga
Corporate Author: Národohospodárska fakulta EU. Katedra hospodárskej politiky
Other Authors: Nežinský, Eduard, 1972-
Format: Book
Language:Slovak
Published: Bratislava 2014
Tags: Add Tag
No Tags, Be the first to tag this record!

MARC

LEADER 00000nbm a2200000 4500
001 0191617
005 20170201085332.3
041 0 |a slo 
044 |a SK 
245 1 0 |a Hodnotenie konkurencieschopnosti vybraných štátov EÚ  |b bakalárska práca  |c Oľga Korošíková ; školiteľ: Eduard Nežinský 
264 1 |a Bratislava  |c 2014 
300 |a 47 s. 
100 1 |a Korošíková, Oľga 
700 1 |a Nežinský, Eduard, 1972- 
710 2 |a Národohospodárska fakulta EU. Katedra hospodárskej politiky